|
|
|
|
| LEADER |
01238nam a2200181Ia 4500 |
| 001 |
101263 |
| 008 |
170722s9999 xx 000 0 und d |
| 100 |
|
|
|a Srivastava, Sk
|
| 245 |
|
|
|a History of economic thought /
|
| 250 |
|
|
|a Ed3.1970,Ed4.1980
|
| 942 |
|
|
|c GEN
|
| 999 |
|
|
|c 56728
|d 56728
|
| 952 |
|
|
|0 0
|1 0
|4 0
|6 XV_K11L0CRM0TBM01M02M03
|7 0
|8 CR
|9 80999
|a LIB
|b LIB
|d 2017-08-12
|h CR
|o Xv K11,L0(CR),M0(TB)-M0;1,M0;2-M0;3
|p 81803
|r 2017-08-12
|w 2017-08-12
|y GEN
|
| 952 |
|
|
|0 0
|1 0
|4 0
|6 XV_K11L0CRM0TBM01M02M03
|7 0
|9 81000
|a LIB
|b LIB
|d 2017-08-12
|o Xv K11,L0(CR),M0(TB)-M0;1,M0;2-M0;3
|p 129051
|r 2017-08-12
|w 2017-08-12
|y GEN
|
| 952 |
|
|
|0 0
|1 0
|4 0
|6 XV_K11L0CRM0TBM01M02M03
|7 0
|9 81001
|a LIB
|b LIB
|d 2017-08-12
|o Xv K11,L0(CR),M0(TB)-M0;1,M0;2-M0;3
|p 185099
|r 2017-08-12
|w 2017-08-12
|y GEN
|
| 952 |
|
|
|0 0
|1 0
|4 0
|6 XV_K11L0CRM0TBM01M02M03
|7 0
|8 LC1
|9 81002
|a LIB
|b LIB
|d 2017-08-12
|h LC1
|l 1
|o Xv K11,L0(CR),M0(TB)-M0;1,M0;2-M0;3
|p 185100
|r 2018-09-01
|s 2018-08-14
|w 2017-08-12
|y GEN
|
| 952 |
|
|
|0 0
|1 0
|4 0
|6 XV_K11L0CRM0TBM01M02M03
|7 0
|8 LC1
|9 81003
|a LIB
|b LIB
|d 2017-08-12
|h LC1
|o Xv K11,L0(CR),M0(TB)-M0;1,M0;2-M0;3
|p 185101
|r 2017-08-12
|w 2017-08-12
|y GEN
|
| 952 |
|
|
|0 0
|1 0
|4 0
|6 XV_K11L0CRM0TBM01M02M03
|7 0
|8 CR
|9 81004
|a LIB
|b LIB
|d 2017-08-12
|h CR
|o Xv K11,L0(CR),M0(TB)-M0;1,M0;2-M0;3
|p 185102
|r 2017-08-12
|w 2017-08-12
|y GEN
|